[Event "39th World U20 ch"]
[Site "Yerevan ARM"]
[Date "2000.09.28"]
[Round "9.17"]
[White "Mahjoob, Morteza"]
[Black "Kallio, Heikki"]
[Result "1/2-1/2"]
[WhiteElo "2337"]
[BlackElo "2451"]
[EventDate "2000.09.18"]
[PlyCount "101"]

1.e4 e6 2.d4 c5 3.Nf3 cxd4 4.Nxd4 Nf6 5.Nc3 d6 6.g4 h6 7.Bg2 Nc6 8.Nxc6 
bxc6 9.e5 Nd5 10.exd6 Bxd6 11.Ne4 Ba6 12.b3 Be5 13.Rb1 O-O 14.g5 Qe7 15.c4
Nc3 16.Nxc3 Bxc3+ 17.Kf1 hxg5 18.Qf3 Bd4 19.Be3 Bxe3 20.Qxe3 Rab8 21.Rd1 
c5 22.Ke2 Rfd8 23.Rxd8+ Rxd8 24.Rd1 Rxd1 25.Kxd1 Qd6+ 26.Kc2 Qxh2 27.Qxg5 
Qd6 28.Qe3 Bc8 29.b4 cxb4 30.Qxa7 Ba6 31.Bf1 e5 32.c5 Qg6+ 33.Kb2 Bxf1 34.
Qa8+ Kh7 35.Qh1+ Qh6 36.Qxf1 Qd2+ 37.Kb1 Qd5 38.Qc1 Qc6 39.Qc4 f5 40.Qxb4 
f4 41.Kc1 Qg2 42.Qc4 e4 43.Qc2 Kh6 44.c6 e3 45.fxe3 f3 46.c7 f2 47.c8=Q 
f1=Q+ 48.Qd1 Qxd1+ 49.Kxd1 Qd5+ 50.Ke2 Qxa2+ 51.Kf3 1/2-1/2

[Event "39th World U20 ch"]
[Site "Yerevan ARM"]
[Date "2000.09.28"]
[Round "9.18"]
[White "Perelshteyn, Eugene"]
[Black "Petrik, Tomas"]
[Result "1/2-1/2"]
[WhiteElo "2424"]
[BlackElo "2289"]
[EventDate "2000.09.18"]
[PlyCount "160"]

1.e4 e6 2.d4 d5 3.Nc3 Bb4 4.e5 c5 5.Bd2 Ne7 6.Nb5 Bxd2+ 7.Qxd2 O-O 8.f4 
Nd7 9.c3 Nc6 10.Nf3 cxd4 11.cxd4 f6 12.O-O-O Nb6 13.Nd6 Rb8 14.h4 Bd7 15.
h5 Nc8 16.Nb5 a6 17.Na3 b5 18.Nc2 h6 19.Nh4 fxe5 20.dxe5 N8e7 21.Rh3 b4 
22.b3 a5 23.g4 a4 24.Ng6 axb3 25.axb3 Rf7 26.g5 Nf5 27.Bd3 Nfd4 28.Kb2 
Nxc2 29.Bxc2 Ra8 30.Rhh1 Be8 31.gxh6 Rfa7 32.Qd3 Ra2+ 33.Kc1 Rxc2+ 34.Qxc2
Nd4 35.Rxd4 Ra1+ 36.Kb2 Rxh1 37.h7+ Kxh7 38.Rd1 Rxd1 39.Qxd1 Bxg6 40.hxg6+
Kxg6 41.Qg4+ Kf7 42.f5 Qc8 43.Qg6+ Kf8 44.fxe6 Qc3+ 45.Ka2 Qd2+ 46.Kb1 
Qe1+ 47.Ka2 Qe2+ 48.Ka1 Qxe5+ 49.Ka2 Qf6 50.Qg4 Qf2+ 51.Ka1 Qf1+ 52.Ka2 
Qa6+ 53.Kb2 Qa3+ 54.Kc2 Qa2+ 55.Kc1 Qa1+ 56.Kd2 Qc3+ 57.Ke2 Qc2+ 58.Kf1 
Qe4 59.Qg3 Qf5+ 60.Kg1 Qxe6 61.Qf4+ Kg8 62.Qxb4 Qe3+ 63.Kg2 d4 64.Qb8+ Kh7
65.Qh2+ Kg8 66.Qb8+ Kf7 67.Qc7+ Kf6 68.Qd6+ Kf5 69.Qd5+ Qe5 70.Qf7+ Kg5 
71.Qf3 Qc5 72.Qe4 Qd6 73.Kf3 Qb6 74.Qd5+ Kh6 75.Ke4 g5 76.Qxd4 Qxb3 77.
Qh8+ Kg6 78.Qe8+ Kg7 79.Kf5 Qd5+ 80.Kg4 Kf6 1/2-1/2

[Event "39th World U20 ch"]
[Site "Yerevan ARM"]
[Date "2000.09.28"]
[Round "9.19"]
[White "Arutinian, David"]
[Black "Pridorozhny, Alexei"]
[Result "1-0"]
[WhiteElo "2309"]
[BlackElo "2396"]
[EventDate "2000.09.18"]
[PlyCount "63"]

1.e4 c5 2.Nf3 Nc6 3.d4 cxd4 4.Nxd4 Nf6 5.Nc3 e5 6.Ndb5 d6 7.Bg5 a6 8.Na3 
b5 9.Bxf6 gxf6 10.Nd5 f5 11.Bd3 Be6 12.Qh5 Rg8 13.c3 Rc8 14.Nc2 f4 15.a4 
Bg4 16.Qxh7 Rg7 17.Qh8 Rg6 18.h3 Rh6 19.hxg4 Rxh8 20.Rxh8 bxa4 21.Rxa4 Qg5
22.Rxa6 Qg7 23.Rg8 Qh6 24.Bb5 f3 25.g5 Qg7 26.Rxc6 Rxc6 27.Bxc6+ Kd8 28.
Rxg7 fxg2 29.Rg8 g1=Q+ 30.Ke2 Qg4+ 31.Kd2 Qxg5+ 32.Rxg5 1-0

[Event "39th World U20 ch"]
[Site "Yerevan ARM"]
[Date "2000.09.28"]
[Round "9.20"]
[White "Fontaine, Robert"]
[Black "Kabanov, Nikolai"]
[Result "1-0"]
[WhiteElo "2449"]
[BlackElo "2385"]
[EventDate "2000.09.18"]
[PlyCount "126"]

1.e4 c5 2.Nf3 d6 3.d4 Nf6 4.Nc3 cxd4 5.Qxd4 Bd7 6.Bg5 Nc6 7.Qd2 e6 8.O-O-O
a6 9.Bf4 e5 10.Bg5 Rc8 11.Kb1 Be6 12.Bxf6 Qxf6 13.Nd5 Bxd5 14.exd5 Nb8 15.
Ng5 g6 16.Ne4 Qe7 17.g4 Nd7 18.h4 Nc5 19.Bg2 h5 20.Qe2 Bg7 21.Ng3 hxg4 22.
Qxg4 Qd7 23.Qe2 Qb5 24.Qxb5+ axb5 25.h5 Ke7 26.Rh4 Bf6 27.Rb4 Kd8 28.Bh3 
Ra8 29.Rxb5 Bh4 30.hxg6 Bxg3 31.g7 Rg8 32.fxg3 Rxg7 33.Rg1 Kc7 34.Bf5 Rh8 
35.g4 Rh2 36.Rb4 Rd2 37.Rc4 Kb6 38.b4 Na4 39.Bd3 Rf2 40.Rh1 e4 41.Bxe4 
Rxg4 42.Bd3 f5 43.a3 Rxc4 44.Bxc4 Rf4 45.Bb3 Nc3+ 46.Kb2 Ne4 47.Rh7 Rg4 
48.Rf7 f4 49.Bc4 f3 50.Bd3 Nd2 51.Kc1 Rg2 52.a4 Ka7 53.a5 f2 54.Kb2 Rg3 
55.Rxf2 Nf3 56.Be2 Ne5 57.Rf6 Rg6 58.Rxg6 Nxg6 59.Kc3 Kb8 60.Kd4 Kc7 61.c4
Ne5 62.Ke4 Kd7 63.Kf5 Ke7 1-0

[Event "39th World U20 ch"]
[Site "Yerevan ARM"]
[Date "2000.09.28"]
[Round "9.21"]
[White "Skytte, Rasmus"]
[Black "Mateuta, Gabriel"]
[Result "1/2-1/2"]
[WhiteElo "2323"]
[BlackElo "2409"]
[EventDate "2000.09.18"]
[PlyCount "86"]

1.e4 c6 2.d4 d5 3.Nd2 dxe4 4.Nxe4 Bf5 5.Ng3 Bg6 6.h4 h6 7.Nh3 Nf6 8.Nf4 
Bh7 9.Bc4 e6 10.O-O Nd5 11.Bxd5 cxd5 12.Qh5 g6 13.Qe5 Rg8 14.c4 Nc6 15.Qe3
g5 16.hxg5 hxg5 17.Nxd5 Bg7 18.Rd1 Qd6 19.Qxg5 exd5 20.Bf4 Qd7 21.Re1+ Kf8
22.Qxd5 Qxd5 23.cxd5 Ne7 24.Bd6 Bf6 25.Nh5 Bh4 26.Rac1 Rg4 27.Rc7 Be4 28.
Ng3 f5 29.Ba3 Rd8 30.d6 Nd5 31.Nxe4 fxe4 32.g3 e3 33.Re2 b5 34.Rc5 Bxg3 
35.fxg3 Rxd4 36.Rxb5 Kf7 37.Rxd5 Rxd5 38.Rxe3 Rd2 39.Rf3+ Ke6 40.Rf2 Rd3 
41.Kg2 Rg8 42.Rf3 Rd2+ 43.Rf2 Rd3 1/2-1/2

[Event "39th World U20 ch"]
[Site "Yerevan ARM"]
[Date "2000.09.28"]
[Round "9.22"]
[White "Wegener, Olaf"]
[Black "Jakic, Ivan"]
[Result "0-1"]
[WhiteElo "2336"]
[BlackElo "2272"]
[EventDate "2000.09.18"]
[PlyCount "76"]

1.e4 c5 2.Nf3 d6 3.d4 cxd4 4.Nxd4 Nf6 5.Nc3 a6 6.f3 e6 7.Be3 Nbd7 8.Qd2 b5
9.a4 b4 10.Na2 d5 11.Nc6 Qc7 12.exd5 Nxd5 13.Ncxb4 Nxe3 14.Qxe3 Bc5 15.Qc3
Qb6 16.Nd3 Bd4 17.Qb4 Qa7 18.Qd6 Bf6 19.Be2 Bh4+ 20.g3 Be7 21.Qf4 O-O 22.
Nf2 e5 23.Qd2 Nf6 24.Nb4 Bc5 25.Nbd3 Be3 26.Qa5 Bb7 27.O-O e4 28.fxe4 Nxe4
29.Bg4 Qd4 30.Rae1 Nxf2 31.Rxf2 Bxf2+ 32.Nxf2 Rfe8 33.Rd1 Qxb2 34.c4 Qe5 
35.c5 h5 36.Bh3 Bf3 37.Rc1 Qe3 38.Rf1 Re5 0-1

[Event "39th World U20 ch"]
[Site "Yerevan ARM"]
[Date "2000.09.28"]
[Round "9.23"]
[White "Fedorchuk, Sergei"]
[Black "Gagunashvili, Merab"]
[Result "1-0"]
[WhiteElo "2408"]
[BlackElo "2321"]
[EventDate "2000.09.18"]
[PlyCount "63"]

1.e4 c5 2.Nf3 e6 3.d4 cxd4 4.Nxd4 a6 5.Bd3 Bc5 6.Nb3 Ba7 7.Qg4 Qf6 8.Qg3 
Nc6 9.Nc3 Nge7 10.O-O Qg6 11.Qh3 Nb4 12.Be3 Nxd3 13.cxd3 b6 14.Nd2 d5 15.
Qh4 dxe4 16.dxe4 b5 17.Rfe1 f6 18.Nb3 O-O 19.Rad1 e5 20.Rd6 Qf7 21.Qg3 Bb8
22.Rd3 Nc6 23.Bc5 Rd8 24.Nd5 Ba7 25.Ne7+ Qxe7 26.Bxe7 Rxd3 27.Qxd3 Nxe7 
28.Qd6 Kf7 29.Na5 Bb8 30.Qd8 Ra7 31.Qb6 Ra8 32.Nc6 1-0

[Event "39th World U20 ch"]
[Site "Yerevan ARM"]
[Date "2000.09.28"]
[Round "9.24"]
[White "Felgaer, Ruben"]
[Black "Jirka, Jiri"]
[Result "1-0"]
[WhiteElo "2390"]
[BlackElo "2302"]
[EventDate "2000.09.18"]
[PlyCount "71"]

1.e4 e5 2.Nf3 Nc6 3.Bc4 Nf6 4.d3 Bc5 5.c3 a6 6.O-O O-O 7.Bb3 Ba7 8.h3 d5 
9.exd5 Nxd5 10.Re1 Re8 11.d4 e4 12.Ng5 Bf5 13.Nxf7 Qd7 14.Ne5 Nxe5 15.dxe5
c6 16.Nd2 Rxe5 17.Nc4 Re6 18.Be3 b5 19.Nd2 Rg6 20.Bxa7 Bxh3 21.g3 Bg4 22.
Qc2 Qxa7 23.Qxe4 Rf8 24.Qd4 Qf7 25.Re5 Rf6 26.Qxg4 Rxf2 27.Qd4 Qg6 28.Ne4 
Rxb2 29.Rf1 Rxf1+ 30.Kxf1 h6 31.Bxd5+ cxd5 32.Qxd5+ Kh7 33.Qd3 Kh8 34.Rd5 
Qf7+ 35.Ke1 Rb1+ 36.Kd2 1-0

[Event "39th World U20 ch"]
[Site "Yerevan ARM"]
[Date "2000.09.28"]
[Round "9.25"]
[White "Al-Sayed, Mohamad Naser"]
[Black "Haznedaroglu, Kivanc"]
[Result "0-1"]
[WhiteElo "2370"]
[BlackElo "2249"]
[EventDate "2000.09.18"]
[PlyCount "72"]

1.e4 c5 2.Nf3 Nc6 3.d4 cxd4 4.Nxd4 Nf6 5.Nc3 e5 6.Ndb5 d6 7.Bg5 a6 8.Na3 
b5 9.Bxf6 gxf6 10.Nd5 f5 11.c3 Bg7 12.exf5 Bxf5 13.Nc2 Be6 14.Nce3 Ne7 15.
g3 Nxd5 16.Nxd5 O-O 17.Bg2 a5 18.O-O Rb8 19.Qd2 f5 20.Ne3 Kh8 21.f4 Rb6 
22.fxe5 Bxe5 23.a4 bxa4 24.Bd5 Bd7 25.Nc4 Rb5 26.Rae1 Qb8 27.Rf2 Rc5 28.
Rfe2 Bf6 29.Re7 Qd8 30.R7e2 Bb5 31.Ne3 Bxe2 32.Rxe2 a3 33.bxa3 Bxc3 34.Qd3
Qf6 35.Ba2 Bd4 36.Kg2 Rc3 0-1

[Event "39th World U20 ch"]
[Site "Yerevan ARM"]
[Date "2000.09.28"]
[Round "9.26"]
[White "Goldenberg, Danny"]
[Black "Kose, Serkan"]
[Result "1-0"]
[WhiteElo "2310"]
[BlackElo "2200"]
[EventDate "2000.09.18"]
[PlyCount "53"]

1.e4 c5 2.Nf3 d6 3.d4 cxd4 4.Nxd4 Nf6 5.Nc3 g6 6.Be3 Bg7 7.f3 O-O 8.Bc4 
Nc6 9.Bb3 Bd7 10.h4 h5 11.Qe2 Qa5 12.O-O-O Rfc8 13.g4 hxg4 14.h5 gxh5 15.
Nd5 Kf8 16.Nf5 Bxf5 17.exf5 gxf3 18.Qh2 Ne5 19.Nxf6 Bxf6 20.Qxh5 Qb4 21.
Bd4 e6 22.fxe6 Rc7 23.Qf5 Bg7 24.exf7 Rac8 25.Qh7 Bf6 26.Rhg1 Rxc2+ 27.
Bxc2 1-0

[Event "39th World U20 ch"]
[Site "Yerevan ARM"]
[Date "2000.09.28"]
[Round "9.27"]
[White "Ginzburg, Mikhail"]
[Black "Varela, Gaston"]
[Result "1/2-1/2"]
[WhiteElo "2276"]
[BlackElo "2249"]
[EventDate "2000.09.18"]
[PlyCount "71"]

1.e4 c5 2.Nf3 e6 3.d4 cxd4 4.Nxd4 a6 5.Bd3 Qc7 6.O-O Nc6 7.Nb3 Nf6 8.Nc3 
Be7 9.f4 d6 10.Kh1 b5 11.Qe1 O-O 12.Bd2 Bb7 13.Qg3 b4 14.Ne2 d5 15.e5 Ne4 
16.Qh3 a5 17.Ng3 Nxg3+ 18.hxg3 g6 19.Be3 a4 20.Nd2 Bc8 21.Rae1 f6 22.Nf3 
Rb8 23.Qh6 f5 24.Nh2 Rf7 25.g4 Bf8 26.Qh3 Nd8 27.Nf3 Be7 28.Bf2 Rg7 29.Bh4
Bxh4 30.Qxh4 Qe7 31.Qh3 Qa7 32.Qh4 Ba6 33.Rd1 Rc8 34.Nd4 Bxd3 35.Rxd3 Qe7 
36.Qxe7 1/2-1/2

[Event "39th World U20 ch"]
[Site "Yerevan ARM"]
[Date "2000.09.28"]
[Round "9.28"]
[White "Fernando, Diogo"]
[Black "Gombac, Jan"]
[Result "1-0"]
[WhiteElo "2257"]
[BlackElo "2215"]
[EventDate "2000.09.18"]
[PlyCount "59"]

1.e4 e5 2.Nf3 Nc6 3.Bb5 a6 4.Ba4 Nf6 5.Qe2 b5 6.Bb3 Bc5 7.c3 O-O 8.d3 d5 
9.O-O d4 10.cxd4 Nxd4 11.Nxd4 Bxd4 12.Nd2 Bb7 13.Nf3 Nd7 14.Bg5 Qe8 15.
Nxd4 exd4 16.Bf4 Ne5 17.Rac1 Qe7 18.Bxe5 Qxe5 19.f4 Qe7 20.Qh5 a5 21.a3 a4
22.Ba2 b4 23.axb4 Qxb4 24.Rxc7 g6 25.Qh6 Ra6 26.Bc4 Rf6 27.e5 Rb6 28.e6 
Kh8 29.f5 Rc6 30.Rxb7 1-0

[Event "39th World U20 ch"]
[Site "Yerevan ARM"]
[Date "2000.09.29"]
[Round "10.1"]
[White "Sasikiran, Krishnan"]
[Black "Miton, Kamil"]
[Result "1-0"]
[WhiteElo "2573"]
[BlackElo "2443"]
[EventDate "2000.09.18"]
[PlyCount "93"]

1.d4 Nf6 2.Nf3 c5 3.d5 b5 4.Bg5 d6 5.Bxf6 exf6 6.e4 a6 7.a4 bxa4 8.Nbd2 
Bd7 9.Bd3 g6 10.O-O Bh6 11.c3 O-O 12.Bc2 Bg4 13.h3 Bxf3 14.Nxf3 Qb6 15.
Bxa4 Qxb2 16.Qb1 Qxb1 17.Rfxb1 Ra7 18.Rb6 Re7 19.Bc2 Rd7 20.g3 Rdd8 21.Kg2
f5 22.exf5 Bg7 23.Ra3 Nd7 24.Rbxa6 Ne5 25.Nd2 Rfe8 26.fxg6 hxg6 27.Ne4 Nc4
28.R3a4 Nb2 29.Ra2 Nc4 30.Bd3 Rb8 31.Re2 Ne5 32.Nxd6 Red8 33.Re3 Rb3 34.
Be2 Rb2 35.h4 Rc2 36.h5 Rb8 37.hxg6 Nxg6 38.Bd3 Rxc3 39.Bxg6 fxg6 40.Rxc3 
Bxc3 41.Ne4 Bd4 42.Rxg6+ Kf7 43.Rc6 Rb2 44.g4 Rc2 45.g5 c4 46.g6+ Ke7 47.
Rc7+ 1-0

[Event "39th World U20 ch"]
[Site "Yerevan ARM"]
[Date "2000.09.29"]
[Round "10.2"]
[White "Bruzon Batista, Lazaro"]
[Black "Ghaem Maghami, Ehsan"]
[Result "1-0"]
[WhiteElo "2534"]
[BlackElo "2488"]
[EventDate "2000.09.18"]
[PlyCount "61"]

1.e4 c5 2.Nf3 e6 3.d4 cxd4 4.Nxd4 a6 5.Bd3 Nf6 6.O-O d6 7.c4 Be7 8.Qe2 O-O
9.b3 b6 10.Bb2 Bb7 11.Kh1 Nbd7 12.Nc3 Rc8 13.f4 g6 14.e5 dxe5 15.fxe5 Nh5 
16.Be4 Qc7 17.Rad1 Bxe4 18.Qxe4 Nc5 19.Qe3 Qb7 20.Rf3 Ng7 21.Ba3 Rcd8 22.
Qh6 b5 23.Rh3 Nh5 24.Nd5 Rxd5 25.cxd5 Qxd5 26.Qc1 Rd8 27.Rc3 Qe4 28.Bxc5 
Bxc5 29.Nxe6 Rxd1+ 30.Qxd1 fxe6 31.Rxc5 1-0

[Event "39th World U20 ch"]
[Site "Yerevan ARM"]
[Date "2000.09.29"]
[Round "10.4"]
[White "Ganguly, Surya Shekhar"]
[Black "Aronian, Levon"]
[Result "1/2-1/2"]
[WhiteElo "2498"]
[BlackElo "2551"]
[EventDate "2000.09.18"]
[PlyCount "51"]

1.e4 c5 2.Nf3 d6 3.d4 cxd4 4.Nxd4 Nf6 5.Nc3 a6 6.Be2 e5 7.Nb3 Be7 8.O-O 
O-O 9.Kh1 b6 10.Be3 Bb7 11.f3 Nbd7 12.a4 Qc7 13.Rf2 h6 14.Bf1 Rfc8 15.Nc1 
Qd8 16.N1a2 Ne8 17.Nb4 Bg5 18.Nbd5 Rc6 19.Rd2 Nc5 20.Qe1 Ne6 21.Qf2 Bxe3 
22.Nxe3 Nd4 23.Ne2 Ne6 24.Nc3 Nd4 25.Bc4 b5 26.Bd5 1/2-1/2

[Event "39th World U20 ch"]
[Site "Yerevan ARM"]
[Date "2000.09.29"]
[Round "10.5"]
[White "Acs, Peter"]
[Black "Blehm, Pawel"]
[Result "1-0"]
[WhiteElo "2497"]
[BlackElo "2510"]
[EventDate "2000.09.18"]
[PlyCount "55"]

1.e4 e5 2.Nf3 Nc6 3.Bb5 a6 4.Ba4 Nf6 5.O-O b5 6.Bb3 Bc5 7.c3 d6 8.a4 Rb8 
9.d4 Bb6 10.Na3 O-O 11.axb5 axb5 12.Nxb5 exd4 13.cxd4 Bg4 14.Ra4 Qe8 15.
Qd3 Na5 16.Bc2 Bd7 17.Nc3 Bxa4 18.Bxa4 Qe6 19.b4 Qc4 20.Qxc4 Nxc4 21.Bb5 
Na5 22.e5 Nh5 23.Ba4 Nc4 24.g4 Bxd4 25.Nxd4 Nxe5 26.gxh5 Rxb4 27.Nde2 Re8 
28.f4 1-0

[Event "39th World U20 ch"]
[Site "Yerevan ARM"]
[Date "2000.09.29"]
[Round "10.6"]
[White "Solak, Dragan"]
[Black "Iliushin, Alexei"]
[Result "1-0"]
[WhiteElo "2490"]
[BlackElo "2509"]
[EventDate "2000.09.18"]
[PlyCount "55"]

1.e4 c5 2.Nf3 e6 3.Nc3 a6 4.d4 cxd4 5.Nxd4 b5 6.Bd3 Qb6 7.Nb3 Qc7 8.O-O 
Bb7 9.Qe2 b4 10.Nd1 Nf6 11.c4 bxc3 12.Nxc3 Nc6 13.f4 Nb4 14.Be3 Nxd3 15.
Qxd3 Bb4 16.Rac1 Qd8 17.e5 Nd5 18.Nxd5 Bxd5 19.f5 Qb8 20.Qd4 Be7 21.Nc5 
Bxc5 22.Rxc5 Bxa2 23.f6 gxf6 24.exf6 Rg8 25.Rfc1 Qb7 26.g3 Bd5 27.Rc7 Qb8 
28.Qb4 1-0

[Event "39th World U20 ch"]
[Site "Yerevan ARM"]
[Date "2000.09.29"]
[Round "10.8"]
[White "Izoria, Zviad"]
[Black "Gershon, Alik"]
[Result "1/2-1/2"]
[WhiteElo "2450"]
[BlackElo "2502"]
[EventDate "2000.09.18"]
[PlyCount "55"]

1.d4 Nf6 2.Nf3 e6 3.c4 b6 4.g3 Ba6 5.b3 Bb4+ 6.Bd2 Be7 7.Bg2 c6 8.Bc3 d5 
9.Ne5 Nfd7 10.Nxd7 Nxd7 11.Nd2 O-O 12.O-O Nf6 13.e4 b5 14.Re1 dxe4 15.Qc2 
Rc8 16.Rad1 Nd5 17.Bxe4 Nxc3 18.Qxc3 Bf6 19.Qc2 g6 20.Nf3 bxc4 21.bxc4 Qa5
22.c5 Bb5 23.Qc1 Qxa2 24.Qf4 Bg7 25.Ra1 Qb2 26.Reb1 Qc3 27.Rc1 Qb2 28.Rcb1
1/2-1/2

[Event "39th World U20 ch"]
[Site "Yerevan ARM"]
[Date "2000.09.29"]
[Round "10.9"]
[White "Lopez Martinez, Josep Manuel"]
[Black "Jobava, Baadur"]
[Result "0-1"]
[WhiteElo "2477"]
[BlackElo "2480"]
[EventDate "2000.09.18"]
[PlyCount "68"]

1.e4 c5 2.Nf3 d6 3.d4 cxd4 4.Nxd4 Nf6 5.Nc3 a6 6.Bc4 e6 7.Bb3 b5 8.O-O Bb7
9.Re1 Nbd7 10.Bg5 Qb6 11.Bxf6 gxf6 12.a4 b4 13.a5 Qc5 14.Nce2 Rg8 15.c3 
Bh6 16.cxb4 Qxb4 17.Nc3 Ne5 18.Ra4 Qc5 19.Qe2 Rg6 20.Rd1 f5 21.Nf3 Nxf3+ 
22.Qxf3 Ke7 23.Qd3 Rd8 24.Re1 Rdg8 25.g3 f4 26.Kf1 fxg3 27.hxg3 Rf6 28.Re2
Qh5 29.Kg2 Bf4 30.Rb4 Rh6 31.Rxb7+ Kd8 32.Re1 Qh3+ 33.Kf3 Rxg3+ 34.fxg3 
Qxg3+ 0-1

[Event "39th World U20 ch"]
[Site "Yerevan ARM"]
[Date "2000.09.29"]
[Round "10.10"]
[White "Arutinian, David"]
[Black "Malakhov, Vladimir"]
[Result "1/2-1/2"]
[WhiteElo "2309"]
[BlackElo "2605"]
[EventDate "2000.09.18"]
[PlyCount "80"]

1.e4 c5 2.Nf3 d6 3.d4 cxd4 4.Nxd4 Nf6 5.Nc3 g6 6.Be2 Bg7 7.O-O O-O 8.Re1 
Nc6 9.Nb3 Be6 10.Bf1 a5 11.a4 Bxb3 12.cxb3 e6 13.Bg5 h6 14.Be3 Nb4 15.Rc1 
Rc8 16.Qd2 Kh7 17.Red1 d5 18.exd5 Nfxd5 19.Nxd5 Qxd5 20.Rxc8 Rxc8 21.Bc4 
Qe5 22.Qd7 Rc7 23.Qb5 Qxb5 24.axb5 Nd5 25.Bxd5 exd5 26.Rxd5 Bxb2 27.b6 Re7
28.g3 Bc3 29.Rc5 Bb4 30.Rc7 Kg7 31.Bd2 Bd6 32.Rxe7 Bxe7 33.Bc3+ Bf6 34.
Bxa5 Bd4 35.g4 h5 36.h3 Kf6 37.Kg2 hxg4 38.hxg4 Ke5 39.Kf3 Kd5 40.Ke2 Be5 
1/2-1/2

[Event "39th World U20 ch"]
[Site "Yerevan ARM"]
[Date "2000.09.29"]
[Round "10.11"]
[White "Zhang Pengxiang"]
[Black "Berg, Emanuel"]
[Result "0-1"]
[WhiteElo "2525"]
[BlackElo "2456"]
[EventDate "2000.09.18"]
[PlyCount "80"]

1.e4 e6 2.Qe2 c5 3.Nf3 Nc6 4.g3 g6 5.Bg2 Bg7 6.c3 Nge7 7.O-O O-O 8.Rd1 e5 
9.a3 Na5 10.d3 Nb3 11.Ra2 d6 12.Qc2 Be6 13.c4 Nd4 14.Nxd4 cxd4 15.Ra1 a6 
16.Qe2 b5 17.b3 Rb8 18.f4 bxc4 19.bxc4 exf4 20.Bxf4 Bxc4 21.Nd2 Be6 22.
Rdc1 Rb2 23.Qf1 d5 24.Rab1 Rxb1 25.Rxb1 dxe4 26.Nxe4 Nf5 27.Qc1 Qa5 28.Bc7
Qa4 29.Nc5 Qe8 30.Nxa6 Bh6 31.Qc6 Qe7 32.Nc5 Ba2 33.Ra1 Rc8 34.Na6 Qe3+ 
35.Kh1 Qxd3 36.Be4 Qc4 37.Nc5 d3 38.Qd7 Rxc7 39.Qxc7 d2 40.Qd8+ Kg7 0-1

[Event "39th World U20 ch"]
[Site "Yerevan ARM"]
[Date "2000.09.29"]
[Round "10.12"]
[White "Jenni, Florian"]
[Black "De Vreugt, Dennis"]
[Result "1/2-1/2"]
[WhiteElo "2440"]
[BlackElo "2511"]
[EventDate "2000.09.18"]
[PlyCount "85"]

1.e4 e5 2.Nf3 Nc6 3.Bb5 a6 4.Bxc6 dxc6 5.O-O f6 6.d4 Bg4 7.dxe5 Qxd1 8.
Rxd1 Bxf3 9.gxf3 fxe5 10.Rd3 Bd6 11.Nd2 Ne7 12.Nc4 Rf8 13.Nxd6+ cxd6 14.
Rxd6 Rxf3 15.Bg5 h6 16.Bxe7 Kxe7 17.Rad1 Rb8 18.Rd7+ Kf8 19.Rc7 Rf6 20.
Rdd7 Rg6+ 21.Kf1 b5 22.h4 h5 23.Re7 Re8 24.Rf7+ Kg8 25.Rf5 Rd8 26.Ke2 Rg4 
27.Rxe5 Rxh4 28.Rxc6 Rf8 29.Rg6 Rhf4 30.Rg2 R8f6 31.Rxh5 Rxe4+ 32.Kd3 Ra4 
33.Rhg5 Rxa2 34.Rxg7+ Kf8 35.R7g6 Rf3+ 36.Ke4 Rf7 37.f3 Rxb2 38.Rxa6 b4 
39.Ra8+ Ke7 40.Rb8 Kd6 41.Rd8+ Ke6 42.Rb8 Rc7 43.Rg6+ 1/2-1/2

[Event "39th World U20 ch"]
[Site "Yerevan ARM"]
[Date "2000.09.29"]
[Round "10.13"]
[White "Halkias, Stelios"]
[Black "Bunzmann, Dimitrij"]
[Result "0-1"]
[WhiteElo "2502"]
[BlackElo "2484"]
[EventDate "2000.09.18"]
[PlyCount "94"]

1.d4 e6 2.c4 b6 3.a3 f5 4.Nc3 Nf6 5.Bf4 Bb7 6.d5 Na6 7.Nf3 Be7 8.g3 O-O 9.
Bg2 Nc5 10.O-O Nce4 11.Nb5 c6 12.dxc6 Bxc6 13.Nfd4 Nh5 14.Bc1 Bb7 15.e3 g6
16.Ne2 a6 17.Nbd4 Qc7 18.b3 Nhf6 19.Bb2 Ng4 20.Nc2 Nc5 21.Ne1 Bxg2 22.Nxg2
b5 23.Rc1 Qb7 24.b4 Na4 25.Bd4 Bf6 26.Bxf6 Nxf6 27.c5 Nb2 28.Qb3 Nc4 29.
Rfd1 Ng4 30.Qc3 a5 31.h3 axb4 32.axb4 Ra3 33.Qe1 Nge5 34.Nd4 Nb2 35.Ra1 
Rfa8 36.Rxa3 Rxa3 37.Rb1 Nbd3 38.Qe2 Qa8 39.Rf1 Ra2 40.Qd1 Nxf2 41.Rxf2 
Ra1 42.Rf1 Rxd1 43.Rxd1 Qa4 44.Rb1 Qa2 45.Rd1 Qb2 46.Nf4 Qxb4 47.c6 Nxc6 
0-1

[Event "39th World U20 ch"]
[Site "Yerevan ARM"]
[Date "2000.09.29"]
[Round "10.15"]
[White "Perelshteyn, Eugene"]
[Black "Simutowe, Amon"]
[Result "0-1"]
[WhiteElo "2424"]
[BlackElo "2322"]
[EventDate "2000.09.18"]
[PlyCount "124"]

1.e4 c5 2.Nf3 d6 3.d4 cxd4 4.Nxd4 Nf6 5.Nc3 a6 6.h3 e6 7.g4 b5 8.Bg2 Bb7 
9.g5 Nfd7 10.O-O Nb6 11.Nb3 Nc6 12.f4 Nc4 13.a4 b4 14.Ne2 Qb6+ 15.Kh1 Ne3 
16.Bxe3 Qxe3 17.a5 Be7 18.Rf3 Qa7 19.Rg3 O-O 20.f5 Rfe8 21.Nf4 exf5 22.
exf5 Qf2 23.Qf3 Qxc2 24.g6 Qxf5 25.gxf7+ Qxf7 26.Nh5 g5 27.Qxf7+ Kxf7 28.
Rf1+ Kg6 29.Nf4+ Kh6 30.Ne6 Bd8 31.Nbd4 Nxd4 32.Bxb7 Ra7 33.Nxd8 Rxd8 34.
Bg2 d5 35.h4 Rg7 36.Rg4 Nc2 37.Rf6+ Rg6 38.hxg5+ Kg7 39.Rf2 Ne3 40.Rxb4 
Rxg5 41.Rb3 d4 42.Be4 Rc8 43.Rb7+ Kg8 44.Bf3 Rf8 45.Rd7 Rxa5 46.Rxd4 Raf5 
47.Rd6 Rxf3 48.Rxf3 Rxf3 49.Rxa6 Rf1+ 50.Kh2 Rf2+ 51.Kg3 Rxb2 52.Kf4 Nd5+ 
53.Ke5 Ne7 54.Kf6 Ng6 55.Kg5 Kf7 56.Ra7+ Ne7 57.Kh6 Rh2+ 58.Kg5 h6+ 59.Kg4
Re2 60.Kh5 Kg7 61.Ra6 Re5+ 62.Kg4 Nd5 0-1

[Event "39th World U20 ch"]
[Site "Yerevan ARM"]
[Date "2000.09.29"]
[Round "10.16"]
[White "Kallio, Heikki"]
[Black "Jakic, Ivan"]
[Result "1-0"]
[WhiteElo "2451"]
[BlackElo "2272"]
[EventDate "2000.09.18"]
[PlyCount "63"]

1.e4 c5 2.Nf3 d6 3.d4 cxd4 4.Nxd4 Nf6 5.Nc3 a6 6.f4 Nc6 7.Be3 Ng4 8.Bg1 
Nxd4 9.Qxd4 e5 10.Qd2 exf4 11.Nd5 Be6 12.Bb6 Qh4+ 13.g3 fxg3 14.Nc7+ Kd7 
15.O-O-O Rc8 16.Qa5 Rxc7 17.Bxc7 Qh6+ 18.Kb1 Nf2 19.Qb6 Nxd1 20.Qxb7 Qf6 
21.e5 Bd5 22.Bh3+ Qe6 23.Bxe6+ fxe6 24.Qa7 Bxh1 25.hxg3 Bd5 26.c4 Be4+ 27.
Kc1 Nf2 28.Bxd6+ Ke8 29.Qxf2 Bxd6 30.exd6 Kd7 31.Qa7+ Kxd6 32.Qd4+ 1-0

[Event "39th World U20 ch"]
[Site "Yerevan ARM"]
[Date "2000.09.29"]
[Round "10.17"]
[White "Mahjoob, Morteza"]
[Black "Fontaine, Robert"]
[Result "1-0"]
[WhiteElo "2337"]
[BlackElo "2449"]
[EventDate "2000.09.18"]
[PlyCount "115"]

1.e4 c6 2.d4 d5 3.Nd2 dxe4 4.Nxe4 Bf5 5.Ng3 Bg6 6.h4 h6 7.Nf3 Nd7 8.h5 Bh7
9.Bd3 Bxd3 10.Qxd3 e6 11.Bd2 Ngf6 12.O-O-O Be7 13.Rhe1 O-O 14.Qe2 Qb6 15.
Ne5 Rfe8 16.f4 c5 17.Be3 Rad8 18.c4 cxd4 19.Bxd4 Bc5 20.Nxd7 Nxd7 21.Bc3 
Bb4 22.Ne4 Bxc3 23.Nxc3 Nf6 24.Ne4 Nxe4 25.Qxe4 Qa5 26.a3 Qxh5 27.Rxd8 
Rxd8 28.Qxb7 Qc5 29.Qb4 Qf2 30.Kb1 Qxf4 31.Rc1 Qe4+ 32.Ka1 Qxg2 33.c5 Qd2 
34.Rc3 a5 35.Qc4 Rb8 36.Rc2 Qd1+ 37.Ka2 Qd5 38.c6 a4 39.c7 Rc8 40.Qxd5 
exd5 41.b4 axb3+ 42.Kxb3 d4 43.a4 d3 44.Rc4 Kf8 45.a5 Ke7 46.a6 g5 47.a7 
h5 48.Kc3 h4 49.Kxd3 h3 50.a8=Q Rxa8 51.c8=Q Rxc8 52.Rxc8 Ke6 53.Ke3 f5 
54.Rh8 g4 55.Kf4 Kf6 56.Rg8 Kf7 57.Rg5 Ke6 58.Rh5 1-0

[Event "39th World U20 ch"]
[Site "Yerevan ARM"]
[Date "2000.09.29"]
[Round "10.18"]
[White "Petrik, Tomas"]
[Black "Kozhukharov, Spas"]
[Result "1-0"]
[WhiteElo "2289"]
[BlackElo "2196"]
[EventDate "2000.09.18"]
[PlyCount "97"]

1.e4 c5 2.Nf3 Nc6 3.d4 cxd4 4.Nxd4 g6 5.c4 Nf6 6.Nc3 Nxd4 7.Qxd4 d6 8.b3 
Bg7 9.Bb2 O-O 10.Qd2 Qa5 11.f3 Be6 12.Be2 Rfc8 13.Rc1 a6 14.a3 Nd7 15.f4 
Qb6 16.f5 gxf5 17.exf5 Bxf5 18.Nd5 Qd8 19.Qg5 Bg6 20.Nxe7+ Kf8 21.Bxg7+ 
Kxg7 22.O-O Qb6+ 23.Kh1 Rc5 24.Nd5 Qd8 25.Qg3 Qe8 26.Bg4 Ne5 27.Rce1 b5 
28.Nf6 Qd8 29.Ne4 Bxe4 30.Bf5+ Ng6 31.Bxe4 Ra7 32.Bd5 bxc4 33.bxc4 Rcc7 
34.Re2 Re7 35.Ref2 Qb6 36.h3 Rac7 37.Rf6 Rcd7 38.Qc3 Kg8 39.Qf3 Ne5 40.
Qg3+ Kh8 41.Qh4 Kg8 42.Qg5+ Ng6 43.Qf5 Qa7 44.Kh2 Kg7 45.h4 Nxh4 46.Qg5+ 
Ng6 47.R1f4 Qe3 48.Rxf7+ Rxf7 49.Rxf7+ 1-0

[Event "39th World U20 ch"]
[Site "Yerevan ARM"]
[Date "2000.09.29"]
[Round "10.19"]
[White "Mateuta, Gabriel"]
[Black "Goldenberg, Danny"]
[Result "1/2-1/2"]
[WhiteElo "2409"]
[BlackElo "2310"]
[EventDate "2000.09.18"]
[PlyCount "113"]

1.Nf3 Nf6 2.b3 g6 3.Bb2 Bg7 4.g3 O-O 5.Bg2 d6 6.O-O e5 7.c4 Nc6 8.d4 Nd7 
9.e3 a6 10.Nc3 Rb8 11.a4 Re8 12.d5 Ne7 13.a5 f5 14.Ng5 Nf8 15.f4 e4 16.Qd2
h6 17.Nh3 b6 18.axb6 Rxb6 19.Ra3 Bd7 20.Ne2 Nh7 21.Bxg7 Kxg7 22.Qc3+ Nf6 
23.Rfa1 Qb8 24.g4 fxg4 25.Ng5 hxg5 26.fxg5 Ng8 27.Ng3 Re5 28.gxf6+ Nxf6 
29.Rf1 Bf5 30.Rf4 Kh6 31.Ne2 Nh5 32.Rf1 Qd8 33.Nd4 Qg5 34.b4 g3 35.h3 Qh4 
36.Nxf5+ gxf5 37.c5 Rb8 38.cxd6 cxd6 39.Rxa6 Rxd5 40.Qc4 Nf6 41.Qc7 Re8 
42.Rxd6 Rxd6 43.Qxd6 Qg5 44.Qd4 Kg6 45.b5 Re7 46.Re1 Rd7 47.Qc4 Rd3 48.b6 
Rxe3 49.Rb1 Qf4 50.Rf1 Re1 51.Qd4 Rxf1+ 52.Bxf1 Qf3 53.b7 e3 54.Qb2 e2 55.
Qxe2 Qxb7 56.Qe3 Qc7 57.Bd3 1/2-1/2